Mikroekonómia

Enregistré dans:
Détails bibliographiques
Auteur principal: Holková, Vieroslava
Collectivité auteur: Ekonomická univerzita v Bratislave. Národohospodárska fakulta
Autres auteurs: Mokrý, Vladimír, Pietriková, Miriam, Balážová, Emília, Galajda, Michal, Matoušková, Eleonóra, 1962-, Veselková, Alexandra
Format: Livre
Langue:slovaque
Publié: Bratislava Sprint vfra 2003
Collection:Nová ekonómia
Sujets:
Tags: Ajouter un tag
Pas de tags, Soyez le premier à ajouter un tag!

MARC

LEADER 00000nam$a2200000$$$4500
001 0005214
005 20240226122648.4
020 |a 80-89085-26-1 
041 0 |a slo 
044 |a SK 
245 1 0 |a Mikroekonómia  |c Vieroslava Holková a kolektív 
264 1 |a Bratislava  |b Sprint vfra  |c 2003 
300 |a 320 s. 
490 1 |a Nová ekonómia 
830 0 |a Nová ekonómia 
610 2 0 |a mikroekonomika 
610 2 0 |a dopyt 
610 2 0 |a ponuka 
610 2 0 |a teórie ekonomické 
610 2 0 |a spotrebitelia 
610 2 0 |a firmy 
610 2 0 |a rozhodovanie 
610 2 0 |a výroba 
610 2 0 |a náklady 
610 2 0 |a konkurencia 
610 2 0 |a trh práce 
610 2 0 |a trh kapitálový 
100 1 |a Holková, Vieroslava 
700 1 |a Mokrý, Vladimír 
700 1 |a Pietriková, Miriam 
700 1 |a Balážová, Emília 
700 1 |a Galajda, Michal 
700 1 |a Matoušková, Eleonóra, 1962- 
700 1 |a Veselková, Alexandra 
710 2 |a Ekonomická univerzita v Bratislave. Národohospodárska fakulta